Anti-HIVgag-ribozim transzgénikus egér. Kezdeti lépések szatellit DNS alapú mesterséges kromoszómákat hordozó transzgénikus egér előállítására

Elmentve itt :
Bibliográfiai részletek
Szerző: Katona Róbert
További közreműködők: Hadlaczky Gyula (Témavezető)
Dokumentumtípus: Disszertáció
Megjelent: 1998
Kulcsszavak:Biológia
Tárgyszavak:
Online Access:http://doktori.ek.szte.hu/4351
LEADER 00908nta a2200217 i 4500
001 dokt4351
005 20220318103840.0
008 220318s1998 hu om 0|| hun d
040 |a SZTE Doktori Repozitórium  |b hun 
041 |a hun 
100 1 |a Katona Róbert 
245 1 0 |a Anti-HIVgag-ribozim transzgénikus egér. Kezdeti lépések szatellit DNS alapú mesterséges kromoszómákat hordozó transzgénikus egér előállítására  |h [elektronikus dokumentum] /  |c  Katona Róbert 
260 |c 1998 
502 |a Disszertacio 
650 4 |a biológiai tudományok 
650 4 |a Természettudományok 
650 4 |a Biológiai tudományok 
695 |a Biológia 
700 1 |a Hadlaczky Gyula  |e ths 
856 4 0 |u https://doktori.bibl.u-szeged.hu/id/eprint/4351/1/1998_katona_robert.pdf  |z Dokumentum-elérés  
856 4 0 |u https://doktori.bibl.u-szeged.hu/id/eprint/4351/2/1998_katona_robert_biralat.pdf  |z Dokumentum-elérés